000 00221nam a2200097Ia 4500
008 190216s9999||||xx |||||||||||||| ||und||
100 _aThomas Hardy
245 0 _aFar From The Madding Crowed
260 _bNull
942 _cBK
999 _c11648
_d11648